[Event "XtraCon-Skakligaen"]
[Site "Denmark"]
[Date "2012.10.27"]
[Round "1.1"]
[White "Hagen, Andreas Skytte"]
[Black "Andersen, Mads"]
[Result "0-1"]
[WhiteElo "2416"]
[BlackElo "2461"]
[PlyCount "120"]
[EventDate "2012.10.27"]
[EventType "team-tourn"]
[EventRounds "9"]
[WhiteTeam "K41"]
[BlackTeam "TeamNordeaSkb"]
[WhiteTeamCountry "DEN"]
[BlackTeamCountry "DEN"]

1. d4 d5 2. c4 c6 3. Nf3 Nf6 4. Nc3 e6 5. Bg5 h6 6. Bh4 dxc4 7. e4 g5 8. Bg3 b5
9. Be2 Bb7 10. O-O Nbd7 11. Ne5 Bg7 12. Nxd7 Nxd7 13. Bd6 a6 14. a4 b4 15. d5
exd5 16. exd5 bxc3 17. Re1 Ne5 18. dxc6 Bxc6 19. Bxc4 cxb2 20. Rb1 Ra7 21. Bxe5
Qxd1 22. Bxg7+ Qxe1+ 23. Rxe1+ Re7 24. Rb1 Rg8 25. Bxb2 Rg6 26. Ba3 Rb7 27.
Re1+ Kd8 28. Bxa6 Ra7 29. Rd1+ Kc7 30. Bd3 Bxa4 31. Rd2 Re6 32. h3 Re1+ 33. Kh2
Rd1 34. Rxd1 Bxd1 35. Bf8 h5 36. Bh6 Ra3 37. Bc4 f6 38. Bg7 Ra4 39. Bd3 Rf4 40.
f3 Kd7 41. Be4 h4 42. Bh6 Ke7 43. Kg1 Bb3 44. Kh2 Be6 45. Kg1 Bf5 46. Bd5 Rd4
47. Bb3 Bd7 48. Kh2 Bc6 49. Kg1 Bd5 50. Bc2 Kf7 51. Bf5 Rb4 52. Bd3 Rb3 53. Bf5
Rb8 54. f4 Rb2 55. g4 hxg3 56. fxg5 Rg2+ 57. Kf1 Rf2+ 58. Kg1 Rxf5 59. g6+ Kxg6
60. Bg5 g2 0-1

[Event "XtraCon-Skakligaen"]
[Site "Denmark"]
[Date "2012.10.27"]
[Round "1.2"]
[White "Palo, Davor"]
[Black "Nilsson, Sebastian"]
[Result "1-0"]
[WhiteElo "2551"]
[BlackElo "2330"]
[PlyCount "97"]
[EventDate "2012.10.27"]
[EventType "team-tourn"]
[EventRounds "9"]
[WhiteTeam "TeamNordeaSkb"]
[BlackTeam "K41"]
[WhiteTeamCountry "DEN"]
[BlackTeamCountry "DEN"]

1. d4 Nf6 2. c4 g6 3. Nc3 Bg7 4. e4 d6 5. f3 Nc6 6. Be3 a6 7. Nge2 Rb8 8. Nc1
e5 9. d5 Nd4 10. Nb3 c5 11. dxc6 bxc6 12. Bxd4 exd4 13. Qxd4 O-O 14. Qd2 Qc7
15. Be2 Be6 16. O-O Rfd8 17. Rac1 d5 18. cxd5 cxd5 19. Nxd5 Qa7+ 20. Qe3 Qxe3+
21. Nxe3 Bxb3 22. axb3 Rxb3 23. Rfd1 Rdb8 24. Nc4 Nh5 25. g3 Bxb2 26. Nxb2 Rxb2
27. Bxa6 Ng7 28. Bc4 Ne6 29. f4 R8b7 30. e5 Kg7 31. Bd5 Ra7 32. Rb1 Rc2 33. Rb7
Rxb7 34. Bxb7 Nc5 35. Bd5 Na6 36. Rd4 Kf8 37. Be4 Rc7 38. f5 Nc5 39. f6 Ne6 40.
Rb4 Ke8 41. Bd5 Kd7 42. Rb6 Nd8 43. Bxf7 Nxf7 44. e6+ Kc8 45. e7 Kd7 46. Rb8
Nd6 47. Rd8+ Ke6 48. Rxd6+ Kf7 49. Rd8 1-0

[Event "XtraCon-Skakligaen"]
[Site "Denmark"]
[Date "2012.10.27"]
[Round "1.3"]
[White "Brinck Claussen, Bjorn"]
[Black "Pedersen, Nicolai Vesterbaek"]
[Result "1-0"]
[WhiteElo "2260"]
[BlackElo "2443"]
[PlyCount "71"]
[EventDate "2012.10.27"]
[EventType "team-tourn"]
[EventRounds "9"]
[WhiteTeam "K41"]
[BlackTeam "TeamNordeaSkb"]
[WhiteTeamCountry "DEN"]
[BlackTeamCountry "DEN"]

1. e4 e5 2. Nf3 Nc6 3. Bb5 Nge7 4. Nc3 g6 5. d4 exd4 6. Nd5 Nxd5 7. exd5 Qe7+
8. Kf1 Qc5 9. Qe2+ Ne7 10. Bg5 Bg7 11. Re1 f6 12. Bd2 O-O 13. Qc4 Qxc4+ 14.
Bxc4 b5 15. Bb3 Nf5 16. d6+ Kh8 17. dxc7 Bb7 18. Ke2 a5 19. a4 Rfc8 20. axb5
Rxc7 21. Kd3 a4 22. Bxa4 h5 23. Bb3 Rc5 24. Ra1 Rxa1 25. Rxa1 Rxb5 26. Bf7 Kh7
27. b4 Nd6 28. Nxd4 Be4+ 29. Kc3 f5 30. f3 Bd5 31. Bxd5 Rxd5 32. Be3 f4 33. Bf2
Nf5 34. Rd1 Ne3 35. Rd3 Nxg2 36. Kc4 1-0

[Event "XtraCon-Skakligaen"]
[Site "Denmark"]
[Date "2012.10.27"]
[Round "1.4"]
[White "Pedersen, Steffen"]
[Black "Naes, Flovin Tor"]
[Result "1/2-1/2"]
[WhiteElo "2419"]
[BlackElo "2271"]
[PlyCount "59"]
[EventDate "2012.10.27"]
[EventType "team-tourn"]
[EventRounds "9"]
[WhiteTeam "TeamNordeaSkb"]
[BlackTeam "K41"]
[WhiteTeamCountry "DEN"]
[BlackTeamCountry "DEN"]

1. d4 f5 2. c4 e6 3. Nf3 Nf6 4. g3 Be7 5. Bg2 d6 6. Nc3 O-O 7. Qc2 Qe8 8. e4
fxe4 9. Nxe4 Nxe4 10. Qxe4 Bf6 11. O-O Nc6 12. Bd2 e5 13. Rae1 Qf7 14. dxe5
Nxe5 15. Nxe5 Bxe5 16. b3 Qf6 17. f4 Bd4+ 18. Be3 Bc3 19. Rc1 Bb2 20. Rcd1 Bg4
21. Bf3 Rae8 22. Qxb7 Rxe3 23. Bxg4 Qc3 24. Bf3 Rfe8 25. Bc6 Rf8 26. Qxa7 Re2
27. Bf3 Re3 28. Bd5+ Kh8 29. Qxc7 Ba3 30. Kh1 1/2-1/2

[Event "XtraCon-Skakligaen"]
[Site "Denmark"]
[Date "2012.10.27"]
[Round "1.5"]
[White "Laursen, Niels Norskov"]
[Black "Boe, Mads"]
[Result "1-0"]
[WhiteElo "2261"]
[BlackElo "2362"]
[PlyCount "99"]
[EventDate "2012.10.27"]
[EventType "team-tourn"]
[EventRounds "9"]
[WhiteTeam "K41"]
[BlackTeam "TeamNordeaSkb"]
[WhiteTeamCountry "DEN"]
[BlackTeamCountry "DEN"]

1. e4 e5 2. Nf3 d6 3. d4 Nf6 4. Nc3 Nbd7 5. Bc4 Be7 6. O-O O-O 7. Re1 c6 8. a4
Qc7 9. a5 Rb8 10. d5 b5 11. axb6 Nxb6 12. Bf1 cxd5 13. exd5 Bd7 14. h3 Bd8 15.
Qd3 Qb7 16. Rd1 Ne8 17. Qa6 Qxa6 18. Rxa6 Nc8 19. b3 f5 20. Nd2 Rf6 21. Nc4 h6
22. Be3 Rb7 23. Rda1 f4 24. Bd2 Bf5 25. R1a2 Rff7 26. Na5 Bxa5 27. R6xa5 Rfc7
28. Bb5 Bd7 29. Ba6 Rb8 30. Nb5 Bxb5 31. Bxb5 Nf6 32. Bc6 Kf8 33. Kf1 g5 34.
Ke2 Kf7 35. R2a3 Re7 36. c4 e4 37. b4 Nb6 38. Rxa7 Nxc4 39. Rxe7+ Kxe7 40. Ra7+
Kf8 41. Bc3 Nh5 42. Rh7 Rb6 43. Rh8+ Ke7 44. Re8+ Kf7 45. Rxe4 Ne5 46. Bxe5
dxe5 47. Rxe5 Ng7 48. b5 Kf6 49. Re4 Rb8 50. Kd3 1-0

[Event "XtraCon-Skakligaen"]
[Site "Denmark"]
[Date "2012.10.27"]
[Round "1.6"]
[White "Andersen, Jackie"]
[Black "Schmidt, Kristen"]
[Result "1-0"]
[WhiteElo "2345"]
[BlackElo "2264"]
[PlyCount "121"]
[EventDate "2012.10.27"]
[EventType "team-tourn"]
[EventRounds "9"]
[WhiteTeam "TeamNordeaSkb"]
[BlackTeam "K41"]
[WhiteTeamCountry "DEN"]
[BlackTeamCountry "DEN"]

1. d4 Nf6 2. Nf3 g6 3. c4 Bg7 4. Nc3 O-O 5. Bg5 h6 6. Bh4 d6 7. e3 g5 8. Bg3
Nh5 9. Qc2 Nd7 10. Be2 Nxg3 11. hxg3 Re8 12. O-O-O c6 13. Nh2 Nf6 14. f4 Qa5
15. Kb1 Bf5 16. Bd3 Bxd3 17. Qxd3 e5 18. Qf5 Qc7 19. fxg5 hxg5 20. Qxg5 exd4
21. exd4 Ne4 22. Nxe4 Rxe4 23. Ng4 Qe7 24. Nh6+ Kf8 25. Qxe7+ Rxe7 26. Nf5 Re6
27. Rh7 Bf6 28. Kc2 d5 29. cxd5 cxd5 30. Kd3 Rc8 31. Rf1 Kg8 32. Rh5 Rb6 33.
Ne3 Bg7 34. b3 Ra6 35. Rf2 Rc1 36. Rxd5 Ra1 37. Rd7 R6xa2 38. Rfxf7 Bh6 39.
Rfe7 Rb1 40. Rxb7 Rab2 41. Kc3 Re2 42. Ng4 Rc1+ 43. Kd3 Rxe7 44. Rxe7 Bg7 45.
Ne3 a5 46. Ra7 Rb1 47. Rxa5 Rxb3+ 48. Ke4 Rb2 49. Ra7 Rd2 50. Rd7 Kf8 51. g4
Bf6 52. g3 Re2 53. Rd5 Kf7 54. g5 Be7 55. Kf3 Rd2 56. Kg4 Re2 57. Nf5 Bf8 58.
Rb5 Re4+ 59. Kh5 Ke6 60. Kg6 Kd7 61. Kf7 1-0

[Event "XtraCon-Skakligaen"]
[Site "Denmark"]
[Date "2012.10.27"]
[Round "1.7"]
[White "Christensen, Bo Garner"]
[Black "Pedersen, Jan Rode"]
[Result "1-0"]
[WhiteElo "2243"]
[BlackElo "2215"]
[PlyCount "136"]
[EventDate "2012.10.27"]
[EventType "team-tourn"]
[EventRounds "9"]
[WhiteTeam "K41"]
[BlackTeam "TeamNordeaSkb"]
[WhiteTeamCountry "DEN"]
[BlackTeamCountry "DEN"]

1. e4 e5 2. Nf3 Nc6 3. Bb5 a6 4. Ba4 Nf6 5. O-O Be7 6. Re1 b5 7. Bb3 O-O 8. c3
d6 9. h3 Re8 10. d3 Bf8 11. Ng5 Re7 12. f4 h6 13. Nf3 Re8 14. f5 d5 15. Nbd2
Na5 16. Bc2 c5 17. Qe2 Bb7 18. exd5 Qxd5 19. Ne4 Be7 20. b4 cxb4 21. cxb4 Nc6
22. a3 Rac8 23. Rb1 Red8 24. Be3 Nd4 25. Bxd4 exd4 26. Bb3 Qxf5 27. Ng3 Qg6 28.
Nh4 Qg5 29. Bxf7+ Kh7 30. Bg6+ Kh8 31. Bf5 Qxh4 32. Bxc8 Qxg3 33. Bxb7 Bd6 34.
Qf3 Qh2+ 35. Kf1 Bg3 36. Rec1 Bf4 37. Rd1 Re8 38. Be4 Nxe4 39. dxe4 Bd6 40. Ke2
Rf8 41. Qg4 Rf4 42. Rh1 Rxg4 43. Rxh2 Rxe4+ 44. Kd3 Re3+ 45. Kxd4 Rxa3 46. Rhh1
Ra4 47. Kd5 Bxb4 48. Ra1 Ba3 49. Rhe1 b4 50. Kc4 Ra5 51. Re6 Rg5 52. g4 a5 53.
Ra6 Re5 54. Rd1 Bb2 55. Kb3 Bc3 56. h4 Kh7 57. Rg1 Re4 58. g5 hxg5 59. hxg5 Re8
60. g6+ Kg8 61. Rxa5 Rb8 62. Rf1 Re8 63. Rb5 Rd8 64. Rh5 Re8 65. Rf2 Rd8 66.
Rf3 Ra8 67. Rfh3 Ra3+ 68. Kc4 Kf8 1-0

[Event "XtraCon-Skakligaen"]
[Site "Denmark"]
[Date "2012.10.27"]
[Round "1.8"]
[White "Seegert, Kristian"]
[Black "Hartung Nielsen, Jens"]
[Result "0-1"]
[WhiteElo "2148"]
[BlackElo "2241"]
[PlyCount "110"]
[EventDate "2012.10.27"]
[EventType "team-tourn"]
[EventRounds "9"]
[WhiteTeam "TeamNordeaSkb"]
[BlackTeam "K41"]
[WhiteTeamCountry "DEN"]
[BlackTeamCountry "DEN"]

1. e4 c5 2. Nf3 e6 3. d4 cxd4 4. Nxd4 Nf6 5. Nc3 Nc6 6. Ndb5 Bb4 7. a3 Bxc3+ 8.
Nxc3 d5 9. exd5 exd5 10. Bd3 O-O 11. O-O d4 12. Ne2 Qd5 13. Bf4 Bf5 14. Bg3
Rad8 15. f3 Rfe8 16. Nf4 Qd7 17. Qd2 Bxd3 18. Qxd3 Re3 19. Qd2 Qf5 20. Rad1
Rde8 21. Rfe1 Rxe1+ 22. Rxe1 Rxe1+ 23. Bxe1 Qb5 24. Nd3 a5 25. Bf2 h6 26. b3 g5
27. a4 Qf5 28. h3 h5 29. Nc1 g4 30. Bxd4 gxf3 31. Bxf6 Qxf6 32. gxf3 Ne5 33.
Qg2+ Kh7 34. Kf2 Qh4+ 35. Qg3 Qd4+ 36. Ke2 h4 37. Qg5 Ng6 38. Nd3 Qc3 39. Kd1
Qa1+ 40. Kd2 Qf1 41. Qf5 Kg7 42. Qg4 Qa1 43. f4 Qd4 44. Qg5 Kf8 45. c3 Qd6 46.
Qc5 Qxc5 47. Nxc5 Nxf4 48. Nxb7 Nxh3 49. Ke3 Ng5 50. c4 h3 51. Kf2 f5 52. Nxa5
f4 53. Nc6 Ne4+ 54. Kf3 Nd2+ 55. Kxf4 h2 0-1

[Event "XtraCon-Skakligaen"]
[Site "Denmark"]
[Date "2012.10.27"]
[Round "1.1"]
[White "Danielsen, Henrik"]
[Black "Rasmussen, Allan Stig"]
[Result "1-0"]
[WhiteElo "2524"]
[BlackElo "2511"]
[PlyCount "53"]
[EventDate "2012.10.27"]
[EventType "team-tourn"]
[EventRounds "9"]
[WhiteTeam "BMSSkak"]
[BlackTeam "Jetsmark"]
[WhiteTeamCountry "DEN"]
[BlackTeamCountry "DEN"]

1. Nf3 d5 2. c4 dxc4 3. e3 c5 4. Bxc4 e6 5. O-O Nc6 6. Qe2 a6 7. Nc3 b5 8. Bb3
c4 9. Bc2 Nf6 10. d3 cxd3 11. Bxd3 Bb7 12. e4 Nd7 13. Bf4 Nc5 14. Rad1 Qa5 15.
Bb1 b4 16. Nd5 exd5 17. exd5+ Ne7 18. d6 Ne6 19. d7+ Kd8 20. Ne5 Nd5 21. Bg3
Ke7 22. Rfe1 Qb6 23. Bf5 g6 24. Bh4+ f6 25. Nc4 Qc6 26. Qxe6+ Qxe6 27. Bxe6 1-0

[Event "XtraCon-Skakligaen"]
[Site "Denmark"]
[Date "2012.10.27"]
[Round "1.2"]
[White "Pedersen, Christian Kyndel"]
[Black "Kristiansen, Jens"]
[Result "0-1"]
[WhiteElo "2443"]
[BlackElo "2419"]
[PlyCount "80"]
[EventDate "2012.10.27"]
[EventType "team-tourn"]
[EventRounds "9"]
[WhiteTeam "Jetsmark"]
[BlackTeam "BMSSkak"]
[WhiteTeamCountry "DEN"]
[BlackTeamCountry "DEN"]

1. e4 c5 2. Nf3 Nc6 3. d4 cxd4 4. Nxd4 Nf6 5. Nc3 d6 6. Bg5 e6 7. Qd2 a6 8.
O-O-O Bd7 9. f4 b5 10. Bxf6 gxf6 11. Kb1 Qb6 12. Nxc6 Bxc6 13. f5 Qc5 14. Bd3
h5 15. fxe6 fxe6 16. Rhf1 Bh6 17. Qe1 Qe5 18. Qf2 O-O 19. Ne2 Bg7 20. Qf4 f5
21. Qxe5 dxe5 22. Ng1 fxe4 23. Be2 e3 24. Rxf8+ Rxf8 25. Rf1 Rf2 26. Rxf2 exf2
27. Nh3 Bxg2 28. Nxf2 h4 29. c4 e4 30. cxb5 Bd4 31. Ng4 axb5 32. Kc2 h3 33. b4
Kg7 34. Kd2 Bf3 35. Bxf3 exf3 36. Kd3 e5 37. Ke4 f2 38. Nxf2 Bxf2 39. Kxe5 Bg3+
40. Kf5 Bxh2 0-1

[Event "XtraCon-Skakligaen"]
[Site "Denmark"]
[Date "2012.10.27"]
[Round "1.3"]
[White "Akdag, Dara Sevkan"]
[Black "Ochsner, Bjorn Moller"]
[Result "0-1"]
[WhiteElo "2251"]
[BlackElo "2322"]
[PlyCount "88"]
[EventDate "2012.10.27"]
[EventType "team-tourn"]
[EventRounds "9"]
[WhiteTeam "BMSSkak"]
[BlackTeam "Jetsmark"]
[WhiteTeamCountry "DEN"]
[BlackTeamCountry "DEN"]

1. d4 Nf6 2. c4 e6 3. Nf3 b6 4. g3 Bb7 5. Bg2 Be7 6. O-O O-O 7. Nc3 Ne4 8. Qc2
Nxc3 9. Qxc3 c5 10. d5 exd5 11. cxd5 Bxd5 12. Qd3 Bc6 13. Rd1 Bf6 14. e4 Re8
15. e5 Bxe5 16. Re1 Bxf3 17. Bxf3 Nc6 18. Bg5 Qxg5 19. Qxd7 Nd4 20. Bxa8 Rxa8
21. f4 Qd8 22. Qxd8+ Rxd8 23. Rad1 Bf6 24. Kf2 g6 25. Re3 Kf8 26. Ra3 a5 27.
Rad3 Re8 28. R1d2 Re6 29. Re3 Ke7 30. b3 Kd6 31. h4 a4 32. bxa4 c4 33. a5 bxa5
34. Ra3 Kc6 35. Rxa5 c3 36. Rd3 Kb6 37. Rd5 Rc6 38. Rd1 c2 39. Rc1 Nb5 40. Rd2
Na3 41. Rd3 Bc3 42. Ke2 Kc7 43. Rf3 Bb2 44. Kd2 Rd6+ 0-1

[Event "XtraCon-Skakligaen"]
[Site "Denmark"]
[Date "2012.10.27"]
[Round "1.4"]
[White "Christensen, Stefan"]
[Black "Rostgaard, Tobias Valentin"]
[Result "0-1"]
[WhiteElo "2296"]
[BlackElo "2229"]
[PlyCount "120"]
[EventDate "2012.10.27"]
[EventType "team-tourn"]
[EventRounds "9"]
[WhiteTeam "Jetsmark"]
[BlackTeam "BMSSkak"]
[WhiteTeamCountry "DEN"]
[BlackTeamCountry "DEN"]

1. e4 g6 2. d4 Bg7 3. Nc3 d6 4. Be3 a6 5. Nf3 b5 6. Bd3 Nd7 7. O-O Bb7 8. d5
Ngf6 9. Nd4 O-O 10. a4 b4 11. Na2 a5 12. c3 bxc3 13. Nxc3 Nc5 14. f3 e6 15.
dxe6 Nxe6 16. Nxe6 fxe6 17. Qb3 Bc8 18. Bc4 Qe7 19. Bg5 Kh8 20. Kh1 h6 21. Be3
Nh5 22. Qc2 Be5 23. g3 g5 24. Qg2 Qg7 25. Qh3 Qg6 26. Bd3 Bb7 27. Rad1 Rf7 28.
Qg2 Nf6 29. Nb5 Rg8 30. Kg1 Nh5 31. Nd4 c5 32. Nb5 Qf6 33. Rd2 Nf4 34. Bxf4
gxf4 35. g4 h5 36. h3 Rh7 37. Kf2 Bxb2 38. e5 Bxe5 39. Bxh7 Kxh7 40. Ke1 Bd5
41. Qe2 Qg6 42. gxh5 Qxh5 43. Nc7 Bd4 44. Rxd4 cxd4 45. Qd3+ Kh8 46. Qxd4+ Qe5+
47. Qxe5+ dxe5 48. Kf2 Rg3 49. Nxd5 exd5 50. Rd1 e4 51. Rxd5 Rxf3+ 52. Ke2 Rxh3
53. Rd4 Re3+ 54. Kf2 Kg7 55. Rd5 Rh3 56. Rf5 Rf3+ 57. Ke2 Kg6 58. Rxa5 Ra3 59.
Ra8 Ra2+ 60. Kf1 f3 0-1

[Event "XtraCon-Skakligaen"]
[Site "Denmark"]
[Date "2012.10.27"]
[Round "1.5"]
[White "Nielsen, Thomas Bach"]
[Black "Baekgaard, Martin"]
[Result "1/2-1/2"]
[WhiteElo "2188"]
[BlackElo "2313"]
[PlyCount "49"]
[EventDate "2012.10.27"]
[EventType "team-tourn"]
[EventRounds "9"]
[WhiteTeam "BMSSkak"]
[BlackTeam "Jetsmark"]
[WhiteTeamCountry "DEN"]
[BlackTeamCountry "DEN"]

1. d4 Nf6 2. c4 g6 3. Nc3 d5 4. cxd5 Nxd5 5. Nf3 Bg7 6. Qb3 Nxc3 7. bxc3 c5 8.
e3 O-O 9. Be2 Nc6 10. O-O Qc7 11. Ba3 b6 12. dxc5 Be6 13. Qc2 bxc5 14. Bxc5 Qa5
15. Bd4 Bf5 16. e4 Nxd4 17. Nxd4 Bd7 18. Rac1 Rac8 19. Qd2 Rfd8 20. Qe3 Qxa2
21. e5 Qa5 22. e6 Be8 23. exf7+ Bxf7 24. Ne6 Bxe6 25. Qxe6+ 1/2-1/2

[Event "XtraCon-Skakligaen"]
[Site "Denmark"]
[Date "2012.10.27"]
[Round "1.6"]
[White "Wiwe, Andreas"]
[Black "Haubro, Martin"]
[Result "1-0"]
[WhiteElo "2272"]
[BlackElo "2151"]
[PlyCount "55"]
[EventDate "2012.10.27"]
[EventType "team-tourn"]
[EventRounds "9"]
[WhiteTeam "Jetsmark"]
[BlackTeam "BMSSkak"]
[WhiteTeamCountry "DEN"]
[BlackTeamCountry "DEN"]

1. e4 c5 2. Nf3 d6 3. d4 cxd4 4. Nxd4 Nf6 5. Nc3 a6 6. g3 e5 7. Nb3 b5 8. Bg2
Bb7 9. Bg5 Nbd7 10. a4 b4 11. Nd5 Bxd5 12. exd5 Rc8 13. O-O Be7 14. Bd2 Qb6 15.
Qe2 Rxc2 16. Rfc1 Rxb2 17. Rc6 Qb7 18. Na5 Qb8 19. Qxa6 Nc5 20. Rc8+ Bd8 21.
Qc6+ Ke7 22. Rxb8 Bxa5 23. Be3 Rxb8 24. Bxc5 Ne8 25. Ba7 Rd8 26. Qb5 Bc7 27.
Rc1 b3 28. Be4 1-0

[Event "XtraCon-Skakligaen"]
[Site "Denmark"]
[Date "2012.10.27"]
[Round "1.7"]
[White "Pedersen, Sven"]
[Black "Jensen, Bjarke"]
[Result "0-1"]
[WhiteElo "2114"]
[BlackElo "2288"]
[PlyCount "106"]
[EventDate "2012.10.27"]
[EventType "team-tourn"]
[EventRounds "9"]
[WhiteTeam "BMSSkak"]
[BlackTeam "Jetsmark"]
[WhiteTeamCountry "DEN"]
[BlackTeamCountry "DEN"]

1. e4 c5 2. Nf3 d6 3. d4 cxd4 4. Nxd4 Nf6 5. Nc3 Nbd7 6. Be3 a6 7. f3 b5 8. Qd2
Bb7 9. a4 b4 10. Na2 d5 11. Nxb4 dxe4 12. Be2 Qc7 13. Rd1 e6 14. O-O Be7 15. c3
O-O 16. fxe4 Bd6 17. Nf3 Nxe4 18. Qe1 Ndc5 19. Qh4 Be7 20. Qh3 Nxa4 21. Nd3
Rad8 22. Bd4 Bd6 23. Qh4 Qe7 24. Qxe7 Bxe7 25. Ra1 Nac5 26. Nxc5 Nxc5 27. Be3
Ra8 28. Ne5 f6 29. Nc4 Rfd8 30. Nb6 Rab8 31. Bc4 Kh8 32. Rfd1 Rxd1+ 33. Rxd1
Bc6 34. b4 Ne4 35. Rc1 e5 36. Bxa6 f5 37. b5 Be8 38. Nd5 Bf8 39. Nc7 Bf7 40.
Ba7 Bc5+ 41. Bxc5 Nxc5 42. Rd1 Kg8 43. Rd6 Ne4 44. Rc6 Rd8 45. h3 Rd1+ 46. Kh2
f4 47. g4 Rd2+ 48. Kg1 f3 49. b6 Rg2+ 50. Kf1 Nd2+ 51. Ke1 f2+ 52. Kd1 Bb3+ 53.
Kc1 Nc4 0-1

[Event "XtraCon-Skakligaen"]
[Site "Denmark"]
[Date "2012.10.28"]
[Round "2.1"]
[White "Rasmussen, Allan Stig"]
[Black "Aagaard, Jacob"]
[Result "1/2-1/2"]
[WhiteElo "2511"]
[BlackElo "2517"]
[PlyCount "82"]
[EventDate "2012.10.27"]
[EventType "team-tourn"]
[EventRounds "9"]
[WhiteTeam "Jetsmark"]
[BlackTeam "Bronshoj"]
[WhiteTeamCountry "DEN"]
[BlackTeamCountry "DEN"]

1. d4 Nf6 2. c4 e6 3. g3 c5 4. d5 exd5 5. cxd5 b5 6. e4 Nxe4 7. Qe2 Qe7 8. Bg2
f5 9. d6 Qe6 10. Nc3 Bxd6 11. g4 g6 12. Nh3 Nc6 13. gxf5 gxf5 14. Nxe4 fxe4 15.
Ng5 Nd4 16. Nxe6 Nxe2 17. Ng7+ Kf7 18. Nf5 Nxc1 19. Nxd6+ Ke6 20. Nxe4 Nd3+ 21.
Kd2 d5 22. Kxd3 dxe4+ 23. Bxe4 Rb8 24. Rhe1 Kf6 25. Re3 Bg4 26. Rg1 Rhg8 27.
Reg3 h5 28. f3 Be6 29. Rg6+ Ke7 30. a3 a5 31. h4 Rxg6 32. Rxg6 b4 33. axb4 Rxb4
34. Kc2 Rc4+ 35. Kb1 a4 36. Rg5 Bf7 37. Rg7 Rd4 38. Kc2 Kf6 39. Rg5 Rc4+ 40.
Kd2 Rd4+ 41. Kc2 Rc4+ 1/2-1/2

[Event "XtraCon-Skakligaen"]
[Site "Denmark"]
[Date "2012.10.28"]
[Round "2.2"]
[White "Pilgaard, Kim"]
[Black "Pedersen, Christian Kyndel"]
[Result "0-1"]
[WhiteElo "2432"]
[BlackElo "2443"]
[PlyCount "58"]
[EventDate "2012.10.27"]
[EventType "team-tourn"]
[EventRounds "9"]
[WhiteTeam "Bronshoj"]
[BlackTeam "Jetsmark"]
[WhiteTeamCountry "DEN"]
[BlackTeamCountry "DEN"]

1. e4 e5 2. Bc4 Nc6 3. Nf3 Bc5 4. c3 Nf6 5. d3 O-O 6. O-O d5 7. exd5 Nxd5 8. h3
a6 9. Re1 Nb6 10. Bb3 h6 11. Nbd2 Re8 12. Ne4 Be7 13. Nh2 Na5 14. Bc2 Bf8 15.
Qf3 f5 16. Nd2 Qf6 17. Nb3 Nc6 18. Be3 Be6 19. Bc5 Bd5 20. Qg3 Bd6 21. Bxd6
cxd6 22. f4 Re7 23. fxe5 dxe5 24. Rf1 f4 25. Qf2 Nc8 26. d4 exd4 27. Ng4 Qg5
28. Nxd4 h5 29. Ne3 Rxe3 0-1

[Event "XtraCon-Skakligaen"]
[Site "Denmark"]
[Date "2012.10.28"]
[Round "2.3"]
[White "Ochsner, Bjorn Moller"]
[Black "Bromann, Thorbjorn"]
[Result "1/2-1/2"]
[WhiteElo "2322"]
[BlackElo "2378"]
[PlyCount "30"]
[EventDate "2012.10.27"]
[EventType "team-tourn"]
[EventRounds "9"]
[WhiteTeam "Jetsmark"]
[BlackTeam "Bronshoj"]
[WhiteTeamCountry "DEN"]
[BlackTeamCountry "DEN"]

1. e4 e6 2. d4 d5 3. Nc3 dxe4 4. Nxe4 Nd7 5. Nf3 Ngf6 6. Bd3 c5 7. O-O Nxe4 8.
Bxe4 Nf6 9. Bg5 cxd4 10. Qe2 Qb6 11. Bxf6 gxf6 12. Rfd1 Bc5 13. b4 Qxb4 14.
Rab1 Qa4 15. a3 a5 1/2-1/2

[Event "XtraCon-Skakligaen"]
[Site "Denmark"]
[Date "2012.10.28"]
[Round "2.4"]
[White "Carstensen, Jacob"]
[Black "Christensen, Stefan"]
[Result "1/2-1/2"]
[WhiteElo "2362"]
[BlackElo "2296"]
[PlyCount "21"]
[EventDate "2012.10.27"]
[EventType "team-tourn"]
[EventRounds "9"]
[WhiteTeam "Bronshoj"]
[BlackTeam "Jetsmark"]
[WhiteTeamCountry "DEN"]
[BlackTeamCountry "DEN"]

1. d4 d5 2. c4 c6 3. Nf3 Nf6 4. Nc3 a6 5. g3 b5 6. cxd5 cxd5 7. Bg2 e6 8. Ne5
Bb7 9. O-O Nbd7 10. f4 Be7 11. Be3 1/2-1/2

[Event "XtraCon-Skakligaen"]
[Site "Denmark"]
[Date "2012.10.28"]
[Round "2.5"]
[White "Wiwe, Andreas"]
[Black "Greger, Roland Reinhard"]
[Result "0-1"]
[WhiteElo "2272"]
[BlackElo "2364"]
[PlyCount "106"]
[EventDate "2012.10.27"]
[EventType "team-tourn"]
[EventRounds "9"]
[WhiteTeam "Jetsmark"]
[BlackTeam "Bronshoj"]
[WhiteTeamCountry "DEN"]
[BlackTeamCountry "DEN"]

1. e4 e6 2. d4 d5 3. Nc3 Nf6 4. e5 Nfd7 5. f4 c5 6. Nf3 Nc6 7. Be3 a6 8. Qd2 b5
9. a3 Qc7 10. g4 g5 11. Nxg5 cxd4 12. Bxd4 Nxd4 13. Qxd4 Bc5 14. Qd2 Bb7 15.
Bg2 Nb6 16. b3 Rc8 17. Ne2 h5 18. gxh5 Be7 19. Nf3 Qxc2 20. Nfd4 Qxd2+ 21. Kxd2
Rxh5 22. Nf3 Nd7 23. Ng3 Rh6 24. Nd4 Rh4 25. Nge2 Nc5 26. Rac1 Kd7 27. Ke3 Rg8
28. Ng3 Rgg4 29. Rcf1 Bf8 30. b4 Na4 31. Bf3 Rxf4 32. Nge2 Bh6 33. Nxf4 Bxf4+
34. Ke2 Bxe5 35. Nb3 Kd6 36. Na5 Bc8 37. Rc1 Bd7 38. h3 Bb2 39. Nb7+ Ke7 40.
Rc7 Bxa3 41. Nc5 Nxc5 42. bxc5 Kd8 43. Ra7 Bxc5 44. Rxa6 b4 45. Kd2 Kc7 46. Ra8
Rd4+ 47. Kc1 Kb7 48. Rh8 Rf4 49. Bd1 Rf2 50. Rh7 Be3+ 51. Kb1 Bb5 52. Rh4 Bd3+
53. Ka1 Bd2 0-1

[Event "XtraCon-Skakligaen"]
[Site "Denmark"]
[Date "2012.10.28"]
[Round "2.6"]
[White "Aabling Thomsen, Jakob"]
[Black "Jensen, Bjarke"]
[Result "0-1"]
[WhiteElo "2341"]
[BlackElo "2288"]
[PlyCount "88"]
[EventDate "2012.10.27"]
[EventType "team-tourn"]
[EventRounds "9"]
[WhiteTeam "Bronshoj"]
[BlackTeam "Jetsmark"]
[WhiteTeamCountry "DEN"]
[BlackTeamCountry "DEN"]

1. e4 c5 2. Nf3 Nc6 3. Nc3 g6 4. Bb5 Bg7 5. O-O d6 6. Bxc6+ bxc6 7. d3 Rb8 8.
h3 e5 9. a3 Ne7 10. b4 cxb4 11. axb4 a6 12. Ra4 O-O 13. d4 exd4 14. Nxd4 c5 15.
bxc5 dxc5 16. Nde2 Nc6 17. Nd5 Nb4 18. Be3 Bd7 19. Ra3 Nxd5 20. exd5 Bb5 21.
Bxc5 Re8 22. Re3 Rxe3 23. Bxe3 Bc4 24. d6 Bxe2 25. Qxe2 Qxd6 26. Rd1 Qc6 27. c4
h5 28. c5 a5 29. Qa2 a4 30. Rd6 Qe4 31. Rb6 Be5 32. Rxb8+ Bxb8 33. Kf1 Be5 34.
Ke2 Bf4 35. Qb2 Bxe3 36. Qb8+ Kh7 37. fxe3 Qc2+ 38. Kf1 Qxc5 39. Qe8 Qc4+ 40.
Kg1 a3 41. Qe5 Qc1+ 42. Kh2 a2 43. Qf6 a1=Q 44. Qxf7+ Qg7 0-1

[Event "XtraCon-Skakligaen"]
[Site "Denmark"]
[Date "2012.10.28"]
[Round "2.7"]
[White "Rathlev, Jakob"]
[Black "Palm, Nikolaj"]
[Result "1-0"]
[WhiteElo "2238"]
[BlackElo "2307"]
[PlyCount "69"]
[EventDate "2012.10.27"]
[EventType "team-tourn"]
[EventRounds "9"]
[WhiteTeam "Jetsmark"]
[BlackTeam "Bronshoj"]
[WhiteTeamCountry "DEN"]
[BlackTeamCountry "DEN"]

1. Nf3 d5 2. c4 e6 3. g3 Nf6 4. Bg2 Be7 5. O-O O-O 6. b3 b6 7. Bb2 Bb7 8. e3
dxc4 9. bxc4 c5 10. Qe2 Nc6 11. d4 cxd4 12. exd4 Qc7 13. Nbd2 Rfd8 14. Rfd1
Rac8 15. Rac1 Ba6 16. h3 h6 17. Qe3 Na5 18. Bf1 Qb7 19. Ne5 Nd7 20. Nef3 Bf6
21. Bd3 Rc7 22. h4 Qc8 23. Ne5 Be7 24. Nxd7 Qxd7 25. Qe4 f5 26. Qe2 Bf6 27. Nf3
Bb7 28. Ne5 Bxe5 29. Qxe5 Nc6 30. Qe3 Nxd4 31. Bxd4 Qxd4 32. Qxe6+ Rf7 33. Be2
Qf6 34. Rxd8+ Qxd8 35. Bh5 1-0